| 000 | 00431nam a22001697a 4500 | ||
|---|---|---|---|
| 003 | NUST | ||
| 005 | 20220816151252.0 | ||
| 008 | 220816b ||||| |||| 00| 0 eng d | ||
| 020 | _a9781941234006 | ||
| 038 | _aAzhar | ||
| 082 |
_a512.0076 _bMAN |
||
| 100 |
_aPrep, Manhattan _989304 |
||
| 245 |
_aAlgebra : GMAT strategy guide _cManhattan Prep |
||
| 260 |
_aNew York _bManhattan Prep _c2014 |
||
| 300 | _a213p | ||
| 942 |
_2ddc _cLC |
||
| 999 |
_c591070 _d591070 |
||